| 000 | 00926cac a2200265 a 4500 | ||
|---|---|---|---|
| 003 | Co-PeBPM | ||
| 005 | 20250628124910.0 | ||
| 008 | 231129e1978||||ck |||||||||||||| ||spa|| | ||
| 040 |
_aCo-PeBPM _bspa _cCo-PeBPM _erda |
||
| 041 | _aspa | ||
| 082 | 0 | 4 |
_a498.016861 o77e _222 |
| 100 | 1 | 0 |
_aOrtega Ricaurte, Carmen _eautor |
| 245 | 1 | 0 |
_aLos estudios sobre lenguas indígenas de Colombia _b: Notas históricas y bibliografía _c/ Carmen Ortega Ricaurte |
| 260 |
_aBogotá, Colombia _b: Instituto Caro y Cuervo _c, 1978 |
||
| 300 |
_a443 pàginas _c; 23 centímetros |
||
| 490 |
_aPublicaciones del instituto caro y cuervo serie bibliográfica _vXIII |
||
| 500 | _aIncluye Índice. | ||
| 650 | 1 | 4 |
_aLenguas indígenas _2LEMB |
| 650 | 1 | 4 |
_aBibliografías _2LEMB |
| 650 | 1 | 4 |
_aFilosofía _2LEMB |
| 650 | 1 | 4 |
_aEnseñanza _2LEMB |
| 651 | 1 | 4 |
_aColombia _2LEMB |
| 942 |
_2ddc _cBK |
||
| 999 |
_c19664 _d19664 |
||